Autonomía progresiva de niñas y adolescentes y bioética (Registro nro. 31375)
[ vista simple ]
| 000 -LEADER | |
|---|---|
| fixed length control field | 00340 a2200109 4500 |
| 001 - CONTROL NUMBER | |
| control field | ART_50560 |
| 005 - DATE AND TIME OF LATEST TRANSACTION | |
| control field | 20260410162002.0 |
| 008 - FIXED-LENGTH DATA ELEMENTS--GENERAL INFORMATION | |
| fixed length control field | 260409a |
| 100 1# - MAIN ENTRY--PERSONAL NAME | |
| Personal name | Herrera, Marisa |
| 245 10 - TITLE STATEMENT | |
| Title | Autonomía progresiva de niñas y adolescentes y bioética |
| 773 0# - HOST ITEM ENTRY | |
| Title | Pensar en derecho |
| Related parts | - Año 8, Nº 14 (oct. 2014) |
| Record control number | REV28996 |
No hay ítems disponibles.